Business law (Record no. 3898)
[ view plain ]
| 000 -LEADER | |
|---|---|
| fixed length control field | 00637nam a2200181 4500 |
| 020 ## - INTERNATIONAL STANDARD BOOK NUMBER | |
| ISBN | 9788125931379 |
| 020 ## - INTERNATIONAL STANDARD BOOK NUMBER | |
| ISBN | 8125931376 |
| 050 ## - CALL NUMBER | |
| Classification number | KD2079 |
| Item number | KUC |
| 100 ## - AUTHOR | |
| Personal name | M C Kuchhal |
| 245 ## - TITLE | |
| Title | Business law |
| 250 ## - EDITION | |
| Edition statement | 4th ed. |
| 260 ## - PUBLICATION INFORMATION | |
| Place of publication | New Delhi : |
| Name of publisher | Vikas Publishing House, |
| Year of publication | New Delhi : Vikas Publishing House, 2009. |
| 300 ## - DESCRIPTION | |
| Number of Pages | xxv, |
| Other physical details | 454 p; |
| Dimensions | 21 cm. |
| 500 ## - NOTES | |
| General note | Includes index. |
| 505 ## - FORMATTED CONTENTS NOTE | |
| Table of Content | Part I. Law of contract<br/>Part II. Law of sale of goods<br/>Part II. Law of partnership<br/>Part iv. Law of Negotiable instruments<br/>Part v. Law of information technology<br/><br/><br/> |
| 650 ## - SUBJECTS | |
| Topical Term | Commercial law -- India. |
| 942 ## - ADDED ENTRY ELEMENTS (KOHA) | |
| Koha item type | Books |
| Withdrawn status | Lost status | Home library | Current library | Shelving location | Date acquired | Full call number | Accession Number | Koha item type |
|---|---|---|---|---|---|---|---|---|
| Methodist University Library Tema | Methodist University Library Tema | General Stacks | 02/09/2008 | KD2079 KUC | 20787 | Books |